000 01125nam a2200289 a 4500
003 DO-SdBNP
005 20220103144123.0
007 ta
008 220103e2019 pr a|||er|||| 000 e spa d
020 _a9789945608359
040 _aDO-SdBNP
_bspa
_cBNPHU
082 4 _222
_bE79c
100 1 _aIrene M., Estevez Amador
_980913
245 1 2 _aConservación mediante documentación :
_bMyrna Báez, la artista y su voz : la preservación del arte contemporáneo por la vía de la entrevista de autor. /
_cIrene M. Estevez Amador.
260 _aSan Juan, Puerto Rico :
_bIsla Negra,
_c2019
300 _a280 p. :
_bil. ;
_c23 cm
490 _aVisiones y cegueras.
500 _aIncluye datos biográficos de la autora en la solapa de la cubierta.
590 _aInventariado 2021 / MF
600 1 _aBáez, Myrna,
_d 1931-2018
_980914
650 0 _930080
_aEntrevistas
_zPuerto Rico
650 0 _94683
_aArte Contemporáneo
_xConservación y restauración
_zPuerto Rico.
650 0 _94683
_aArte Contemporáneo
_xDocumentación
_zPuerto Rico
830 _aVisiones y cegueras.
_91120
910 _aMFéliz
942 _2ddc
_cLBS1
999 _c51149
_d51149